Click the 50 Biggest U.S. Cities on the Map - Statistics

General Stats
  • This quiz has been taken 283 times
  • The average score is 39 of 50
Answers on the Map
Answers color-coded by a green-red scale on the quiz's map according to % correct below.
 
Answer Stats
Answer % Correct
Oklahoma City
88%
Atlanta
87%
Miami
87%
Las Vegas
86%
New York City
86%
Phoenix
86%
Salt Lake City
86%
Seattle
86%
Chicago
85%
Denver
85%
Minneapolis
85%
Portland
85%
Indianapolis
84%
Nashville
84%
Los Angeles
83%
San Francisco
83%
Virginia Beach
83%
Boston
82%
Kansas City
81%
Philadelphia
81%
Pittsburgh
81%
Orlando
80%
Tampa
80%
Jacksonville
79%
Milwaukee
79%
Providence
79%
San Diego
79%
Washington, DC
79%
Austin
78%
Birmingham
78%
Memphis
77%
Columbus
76%
Dallas
76%
Richmond
76%
Cleveland
75%
Houston
75%
Louisville
75%
Raleigh
74%
St. Louis
74%
Baltimore
73%
Hartford
73%
Sacramento
73%
Detroit
72%
Grand Rapids
72%
San Antonio
72%
Cincinnati
71%
Charlotte
70%
Fresno
69%
San Jose
66%
Riverside
64%
No matching quizzes found
Score Distribution
Percent of People with Each Score
Percentile by Number Answered
Your Score History
You have not taken this quiz